000 00296nam a2200145Ia 4500
100 _aShahane/H.M. Prof.
490 _vII
942 _cBK
654 _aEngg. Mathematics
245 _aEngg.Mathematics
260 _bEngg.Book Pub.
_aPoona
300 _a517
546 _aENGLISH
999 _c29552
_d29552